000
00335nam a2200145Ia 4500
008
150201s1937 xx 000 0 und d
082
_a
617.6
_b
O1937K
100
_a
KERR,ASH MILLARD
245
_a
ORAL DIAGNOSIS
250
_a
4TH
260
_b
MOSBY
_a
NEW DELHI
_c
1937
300
_a
1-418
650
_a
ORAL MEDICINE
942
_2
ddc
_c
BK
999
_c
3266
_d
3266